[Event "Asian Zonal 3.3 2019"]
[Site "Ulaanbaatar"]
[Date "2019.04.15"]
[Round "9.9"]
[White "Miciano, John Marvin"]
[Black "Agibileg, Uurtsaikh"]
[Result "1-0"]
[WhiteElo "2339"]
[BlackElo "2403"]
[Annotator "TA"]
[PlyCount "175"]
[EventDate "2019.04.07"]
[EventType "swiss"]
[EventRounds "9"]
[EventCountry "MGL"]
[SourceTitle "playchess.com"]
[Source "ChessBase"]
[SourceQuality "1"]

{[%evp 16,175,33,45,42,31,36,34,56,50,86,86,87,74,153,146,160,139,148,110,177,143,174,153,166,184,237,238,241,241,250,250,264,264,262,250,262,255,246,217,242,237,243,245,281,258,291,285,285,285,324,324,324,324,325,313,325,293,293,293,291,278,275,260,260,260,260,260,260,237,237,237,252,252,252,252,252,245,252,252,252,245,245,0,245,238,238,238,238,228,238,228,228,204,228,226,235,142,238,178,246,191,246,246,246,246,275,0,246,156,245,162,237,229,237,229,237,209,209,209,253,217,228,208,205,205,172,142,547,555,502,511,498,481,714,686,1031,1018,1024,1027,1016,1002,945,962,1016,958,925,862,1040,1029,1800,1677,29975,29976,29973,29961,29978,29979,29979,-29986,29980,29981]} 1. d4 Nf6 2. c4 g6 3. g3 Bg7 4. Bg2 O-O 5. Nc3 Nc6 6. Nf3 d6 7. O-O a6 8. b3 Rb8 9. d5 Na5 {E63: King's Indian: Fianchetto: Panno Variation with 7...a6} 10. Bg5 (10. Bd2 c5 11. dxc6 Nxc6 12. Qc1 Bd7 13. Bh6 b5 14. Bxg7 Kxg7 15. cxb5 axb5 16. Qb2 Kg8 17. b4 Qb6 18. Rfd1 Rfc8 {½-½ (77) Inarkiev,E (2689)-Zhao,J (2604) Riadh 2017}) 10... c5 11. dxc6 bxc6 {White is slightly better.} 12. c5 d5 13. Bf4 Rb7 14. Be5 {[#]} Nd7 $146 (14... Bh6 $142) ({Predecessor:} 14... Bg4 15. Nd4 Ne4 16. Bxg7 Nxc3 17. Qd2 Kxg7 18. Qxc3 e5 19. e3 Kg8 {1-0 (41) Barsov,A (2534)-Cossin,S (2502) Condom 2011}) 15. Bxg7 $16 Kxg7 {[#]} 16. e4 $1 e6 17. Rc1 (17. exd5 $6 cxd5 18. Rc1 Rc7 $14) 17... Rb4 (17... f6 $16) 18. Ne1 ({Much less strong is} 18. exd5 cxd5 19. Ne2 Nb8 $16) 18... Qf6 19. Nd3 (19. exd5 cxd5 20. Qd2 Nc6 $14) 19... Rb8 20. Re1 Bb7 (20... Kh8 $142 21. Qd2 (21. exd5 cxd5 22. b4 Nc6 $14) 21... Nb7) 21. Qd2 $18 Qd8 22. e5 Bc8 23. Ne2 Qc7 24. Nd4 Nb7 25. b4 Nd8 26. a4 f6 27. f4 f5 28. h3 Re8 29. g4 Nf7 30. Bf3 Nh6 31. Kf2 Nf8 32. Rh1 Kf7 33. g5 Ng8 34. h4 Ne7 35. h5 Kg8 36. Kg3 Bd7 37. hxg6 Nexg6 38. Bh5 Re7 39. Bxg6 Nxg6 40. Rh6 Be8 41. Rb1 Qc8 42. Rhh1 Rg7 43. Kf3 Nf8 44. Ke3 Rbb7 45. Qc2 Rb8 46. Rb2 Ra7 47. Qc3 Rba8 48. Rhh2 Rb8 49. Rh1 Rba8 $1 50. Ra1 Rb8 51. Rab1 Rc7 52. Rc1 Ng6 53. Ra2 Ra7 54. Ra3 Rc7 55. Raa1 Ne7 56. Rh1 Ng6 (56... a5 $16 57. bxa5 Ra8) 57. Rh6 Re7 (57... a5 $142 58. bxa5 Rcb7) 58. Ra2 Ra7 (58... a5 {might work better.} 59. bxa5 Ra7) 59. Rb2 Rc7 60. Rb3 Ra8 61. Rb2 Rb8 $1 62. Nc1 Rcb7 (62... a5 $16 63. Nd3 (63. bxa5 Rxb2 64. Qxb2 Ra7 $16) 63... Rcb7 64. bxa5 Rxb2 65. Nxb2 Bd7) 63. Rb3 Re7 (63... a5 $142) 64. Nce2 Qc7 65. Kf3 Nf8 66. Rf6 Bh5+ 67. Ke3 Rc8 68. Ng3 Bg4 69. Rb2 Rce8 70. Rh2 Nd7 71. Rhh6 {[%cal Rf6e6]} Nxe5 $2 {[%mdl 8192]} (71... a5 $16 {is tougher.}) 72. fxe5 Qxe5+ 73. Kd2 f4 74. Nh5 Qxg5 (74... a5 $142 75. Nxf4 axb4 76. Qxb4 Rg7) 75. Nf3 Bxf3 {[#]} 76. Rfg6+ $1 {[%mdl 512]} Qxg6 77. Rxg6+ hxg6 78. Nf6+ {[%mdl 64] Double Attack} Kf7 79. Nxe8 Kxe8 80. Qxf3 {[%mdl 4096] Endgame KQ-KR} g5 81. Qh5+ Kd7 82. Qxg5 Rf7 83. Qe5 f3 84. Qd6+ Ke8 85. Qxc6+ Kf8 86. Qxe6 f2 {[#]} 87. Qxf7+ $3 {[%mdl 512]} Kxf7 88. Ke2 {Accuracy: White = 60%, Black = 38%.} 1-0

[Event "Asian Zonal 3.3 2019"]
[Site "Ulaanbaatar"]
[Date "2019.04.15"]
[Round "9.10"]
[White "Nasanjargal, Urtnasan"]
[Black "Khatanbaatar, Bazar"]
[Result "1-0"]
[WhiteElo "2482"]
[BlackElo "2337"]
[Annotator "TA"]
[PlyCount "131"]
[EventDate "2019.04.07"]
[EventType "swiss"]
[EventRounds "9"]
[EventCountry "MGL"]
[SourceTitle "playchess.com"]
[Source "ChessBase"]
[SourceQuality "1"]

{[%evp 18,131,17,17,61,56,56,55,51,48,47,62,97,93,80,77,102,99,93,109,131,106,146,146,133,119,124,127,182,147,205,184,252,272,270,251,273,266,272,262,336,270,279,262,281,277,267,262,275,272,291,289,281,254,262,243,361,364,352,360,345,347,450,425,421,402,408,396,467,483,464,452,418,375,536,530,501,481,500,307,544,572,621,621,718,717,709,702,751,750,3564,4133,3145,1977,2149,1977,6187,5285,29955,2139,29968,29955,29972,29972,29971,29970,29971,29964,29983,29984,29985,29986,29986,29987,29985,6448]} 1. d4 {Mokal,P} d5 2. c4 c6 3. Nf3 Nf6 4. Nc3 dxc4 5. a4 Bf5 6. Ne5 Nbd7 7. Nxc4 Nb6 8. Ne5 a5 9. h4 {D17: Slav Defence: 5 a4 Bf5: Lines with 6 Nh4 and 6 Ne5} (9. e3 Nfd7 10. Bd3 Bxd3 11. Nxd3 e6 12. O-O Be7 13. Qb3 O-O 14. e4 Ra6 15. Be3 Qb8 16. Rac1 Rd8 {1-0 (37) Giri,A (2782)-Aronian,L (2767) chess.com INT 2018}) 9... e6 10. f3 {LiveBook: 28 Games. Black must now prevent g4.} h5 11. e4 {White is slightly better.} Bh7 $1 12. Be3 Nbd7 $146 ({Predecessor:} 12... Nfd7 13. Nd3 Be7 14. g3 O-O 15. Rc1 Rc8 16. Ne2 Na8 {1-0 (27) Khismatullin,D (2653)-Zoler,D (2527) Jerusalem 2015 CBM 166 [Mokal,P]}) 13. Nd3 Be7 14. Qb3 b6 15. Rc1 O-O 16. Be2 Rc8 17. O-O c5 {[#] Strongly threatening ...c4.} 18. Nb5 cxd4 19. Bxd4 ({Don't do} 19. Nxd4 $6 Nc5 $14) 19... Nc5 20. Nxc5 bxc5 21. Bf2 Qb6 22. Rfd1 Rc6 (22... Rfd8 $16 {is a better defense.} 23. Qc3 Rxd1+ 24. Rxd1 Bg6) 23. Bc4 Kh8 (23... Ra8 $16 24. Rd2 Rd8 25. Rxd8+ Qxd8) 24. Na3 Qc7 (24... Qxb3 $142 25. Bxb3 Rb8) 25. Bb5 $18 Rd6 26. Nc4 Rxd1+ 27. Qxd1 Ra8 28. Qe1 Bg6 29. Rd1 Kh7 30. Qc3 Qa7 31. Qe5 Rc8 32. b3 Bd8 33. Kf1 Be7 34. Qc3 Ra8 35. Kg1 Bd8 36. Rd6 Ng8 (36... Qe7 {was called for.} 37. Rc6 (37. Bxc5 Ne8 $18) 37... Bc7 38. Bxc5 Qd8) 37. Rd7 Qb8 38. Qe5 ({Less strong is} 38. Bxc5 Qf4 $18) 38... Qxe5 39. Nxe5 f5 40. Nxg6 Kxg6 41. e5 Be7 42. Bc4 Rd8 43. Rxd8 Bxd8 44. Bxe6 {[%mdl 4096] Endgame KBB-KBN} Ne7 45. Bxc5 Nc6 (45... f4 {was worth a try.} 46. b4 Nc6) 46. f4 Bxh4 47. Bd7 Nb4 48. Kh2 Nd3 $2 {[#]} (48... Bd8 49. g3 Nd3) 49. Bd6 Nb4 50. Bc7 Nd5 51. Bxa5 Bf2 52. Bd2 h4 53. a5 {[%cal Ba4a5,Ba5a6][%mdl 32]} Ne3 54. Bxe3 Bxe3 {KB-KB} 55. g3 Kf7 56. Bxf5 Ke7 57. a6 Kd8 58. Bd3 (58. Kh3 $142 hxg3 59. Kxg3 Bb6 60. Kg4 Ke7 61. Kg5 Kf7 62. Bd3 Ke7 63. Kg6) 58... Kc7 59. Kh3 {White mates.} hxg3 60. Kxg3 Kc6 61. Kf3 Bc5 62. Ke4 Bb4 63. Kf5 Bd2 64. Bc4 Kc7 65. e6 Be3 66. Ke4 {Precision: White = 87%, Black = 33%.} (66. Kg6 $142 Kd8 67. Kf7 Bc5 68. a7 Bxa7 69. e7+ Kc7 70. e8=Q g6 71. Qe7+ Kb6 72. b4 Kc6 73. Qxa7 Kd6 74. Qb6+ Kd7 75. Be6#) 1-0

[Event "Asian Zonal 3.3 2019"]
[Site "Ulaanbaatar"]
[Date "2019.04.15"]
[Round "9.10"]
[White "Amartuvshin, Ganzorig"]
[Black "Itgelt, Khuyagtsogt"]
[Result "1-0"]
[WhiteElo "2373"]
[BlackElo "2056"]
[Annotator "RC"]
[PlyCount "53"]
[EventDate "2019.04.07"]
[EventType "swiss"]
[EventRounds "9"]
[EventCountry "MGL"]
[SourceTitle "playchess.com"]
[Source "ChessBase"]
[SourceQuality "1"]
[TimeControl "40/5400+30:1800+30"]

1. d4 Nf6 2. c4 e5 3. dxe5 Ng4 4. Bf4 Nc6 5. Nf3 Bb4+ 6. Bd2 Bc5 7. e3 O-O 8. Be2 Re8 9. O-O Ngxe5 10. Bc3 Nxf3+ 11. Bxf3 Ne5 12. Be2 a5 13. Nd2 Ra6 14. Ne4 Ba7 15. c5 Rh6 16. f4 Qh4 17. h3 Rg6 18. Bxe5 d6 19. Qa4 c6 20. f5 Rxe5 21. Nf6+ Qxf6 22. fxg6 Qg5 23. gxf7+ Kf8 24. Qxa5 Bxc5 25. Qa8 Rxe3 26. Kh1 Qd8 27. Bg4 1-0

[Event "Asian Zonal 3.3 2019"]
[Site "Ulaanbaatar"]
[Date "2019.04.15"]
[Round "9.11"]
[White "Galmandakh, Badrakh"]
[Black "Tran, Tuan Minh"]
[Result "1/2-1/2"]
[WhiteElo "2222"]
[BlackElo "2553"]
[Annotator "TA"]
[PlyCount "81"]
[EventDate "2019.04.07"]
[EventType "swiss"]
[EventRounds "9"]
[EventCountry "MGL"]
[SourceTitle "playchess.com"]
[Source "ChessBase"]
[SourceQuality "1"]

{[%evp 15,81,0,0,-10,0,-8,0,0,0,0,3,10,45,39,40,20,24,36,24,0,0,0,10,21,24,24,45,36,31,37,31,25,29,23,25,29,62,62,60,0,0,0,0,0,0,0,0,0,0,0,0,0,0,0,0,0,0,0,0,0,0,0,0,-2,0,0,0,0]} 1. d4 Nf6 2. Nf3 e6 3. Bf4 c5 4. c3 Nc6 5. e3 d5 6. Nbd2 Bd6 7. Bg3 O-O 8. Bd3 b6 9. e4 {[#] Hoping for e5. D02: 1 d4 d5 2 Nf3 sidelines, including 2...Nf6 3 g3 and 2...Nf6 3 Bf4} (9. Qe2 Bb7 10. Rd1 Re8 11. e4 Be7 12. e5 Nh5 13. h4 cxd4 14. Nxd4 Nxg3 15. fxg3 Bc5 16. N2f3 f5 {½-½ (45) Esipenko,A (2593)-Karjakin,S (2753) St Petersburg 2018}) 9... Be7 10. exd5 Nxd5 $146 ({Predecessor:} 10... Qxd5 11. Bc4 Qd8 12. dxc5 Bxc5 13. O-O Bb7 14. Qe2 Ne7 15. Rad1 Nf5 16. Be5 Qe7 {0-1 (68) Grachev,B (2628)-Oparin,G (2626) Moscow 2016}) 11. Bb5 Bb7 12. dxc5 bxc5 13. Qe2 Qb6 14. O-O Rad8 15. Bd3 Na5 16. Rab1 Bd6 17. Qe4 {[%csl Gd3][%cal Re4h7] [#]} Nf6 18. Qe2 Nd5 19. Ne5 {Strongly threatening Nec4.} Qc7 20. Rfe1 Rfe8 21. Bb5 Re7 22. Rbd1 f6 23. Nec4 Nxc4 24. Nxc4 Bxg3 25. hxg3 Bc6 26. Bxc6 Qxc6 27. Ne3 ({Better is} 27. Rd3 $14) 27... Red7 $11 {The position is equal.} 28. Nxd5 Rxd5 29. Rxd5 Rxd5 30. Qxe6+ Qxe6 31. Rxe6 {[%mdl 4096] Endgame KR-KR} Rd1+ 32. Kh2 Rd2 33. Re8+ Kf7 34. Ra8 Rxb2 35. Rxa7+ Kg6 36. f3 Rc2 37. a4 Rxc3 38. a5 Ra3 39. a6 c4 40. Rc7 Rxa6 41. Rxc4 {Accuracy: White = 77%, Black = 64%.} 1/2-1/2

[Event "Asian Zonal 3.3 2019"]
[Site "Ulaanbaatar"]
[Date "2019.04.15"]
[Round "9.12"]
[White "Munkhgal, Gombosuren"]
[Black "Chinguun, Sumiya"]
[Result "1-0"]
[WhiteElo "2455"]
[BlackElo "2250"]
[Annotator "TA"]
[PlyCount "117"]
[EventDate "2019.04.07"]
[EventType "swiss"]
[EventRounds "9"]
[EventCountry "MGL"]
[SourceTitle "playchess.com"]
[Source "ChessBase"]
[SourceQuality "1"]

{[%evp 14,117,17,-3,56,62,64,67,106,70,65,69,75,54,74,71,75,47,43,42,48,47,86,77,75,41,44,31,69,72,116,116,121,125,112,-91,-95,-255,-240,-232,0,0,0,0,0,0,45,45,45,45,46,46,74,0,7,22,44,0,0,0,35,19,27,0,33,27,122,30,128,0,76,0,0,0,30,0,0,0,420,413,386,379,490,454,1360,1244,633,582,5114,5114,29976,29977,29981,29982,29987,29986,29986,29984,29986,29978,29978,29978,29990,29991,29991,29992]} 1. d4 Nf6 2. Nf3 g6 3. Bg5 Bg7 4. Nbd2 d5 5. e3 O-O 6. Be2 Nbd7 7. O-O Re8 8. c4 c6 {D03: 1 d4 d5 2 Nf3 Nf6 3 Bg5, including Torre Attack with early ...d5} (8... e5 $11) (8... c5 9. cxd5 cxd4 10. e4 h6 11. Bh4 Nc5 12. Qc2 Ncxe4 13. Nxe4 Nxe4 14. Bb5 Bf5 15. Bxe8 Qxe8 16. Rfe1 Qd7 17. Rxe4 Qxd5 {0-1 (31) Artemiev,V (2658)-Mamedyarov,S (2762) Novi Sad 2016}) 9. cxd5 cxd5 10. Qb3 b6 {White is slightly better.} 11. Rac1 Bb7 12. Bb5 $146 ({Predecessor:} 12. Rc2 Rc8 13. Rfc1 Rxc2 14. Rxc2 Qa8 15. Bb5 Rd8 16. h3 {½-½ (31) Valiente,C (2345)-Olazarri,M Montevideo 1992}) 12... a6 13. Bc6 Bxc6 14. Rxc6 b5 15. Bxf6 Nxf6 16. Rfc1 e6 17. Ne5 Qa5 18. Qc2 Ne4 19. Nb3 Qd8 $1 20. Nc5 Nd6 {[%cal Be4d6,Bd6f5,Bf5e7,Be7c6,Bc6b4][%mdl 32]} 21. b3 Bxe5 22. dxe5 Nf5 23. Nxa6 Ne7 24. Nc7 $2 (24. Rd6 $16 Qa5 25. Nc7) 24... Nxc6 $17 25. Nxa8 $2 (25. Nxe8 $17 {was necessary.} Qxe8 26. Qxc6) 25... Nb4 $19 ({Worse is} 25... Qxa8 26. Qxc6 Qxc6 27. Rxc6 $16) 26. Qd2 {Threatens to win with Nc7.} Qxa8 $2 (26... Na6 $19 27. Nc7 Nxc7) 27. Qxb4 $11 Qxa2 28. Qxb5 $19 {[%mdl 4096] Endgame KQR-KQR} Ra8 29. Qb7 Qa3 {[%cal Ra3c1]} 30. Rc8+ Rxc8 31. Qxc8+ $14 {KQ-KQ} Kg7 {( -> ...Qa1+)} 32. Qc3 h5 33. h4 (33. g3 $16) 33... Qa2 $11 34. b4 Qe2 35. g3 Qd1+ 36. Kg2 {Black must now prevent Qb2.} Qb1 $1 37. Qd4 Kf8 38. Qc3 Kg7 $1 39. Kh2 Kg8 {[#]} (39... Kf8 $11) 40. Qc8+ (40. Qc5 $1 $16) 40... Kg7 41. Qc3 (41. Qc5 $142) 41... Kg8 $1 $16 42. Qd4 Kg7 43. Kg2 Kg8 44. g4 hxg4 45. Qxg4 {h5 is the strong threat.} Qb3 $2 {[%mdl 8192]} (45... Kf8 $11 {and Black has nothing to worry.}) 46. h5 $18 d4 47. exd4 Kg7 48. hxg6 fxg6 {[#]} (48... Qxb4 $142 49. gxf7+ Kxf7 50. Qh5+ Ke7 51. Qh7+ Kd8 52. Qg8+ Ke7 53. Qg7+ Ke8 54. Qg6+ Kd7 55. Qf7+ Kd8 56. Qxe6 Qxd4) 49. b5 $1 Qd5+ (49... Qxb5 50. Qxe6) 50. Kh2 Qxb5 51. Qxe6 Qe2 52. Qf6+ {White mates.} Kh7 53. e6 g5 54. Qf5+ Kh6 55. d5 g4 56. Kg3 Qe1 57. Kg2 Qd1 58. e7 Qe2 59. Qe6+ {Accuracy: White = 56%, Black = 47%.} 1-0

[Event "Asian Zonal 3.3 2019"]
[Site "Ulaanbaatar"]
[Date "2019.04.15"]
[Round "9.13"]
[White "Amilal, Munkhdalai"]
[Black "Dang, Hoang Son"]
[Result "0-1"]
[WhiteElo "2042"]
[BlackElo "2367"]
[Annotator "TA"]
[PlyCount "150"]
[EventDate "2019.04.07"]
[EventType "swiss"]
[EventRounds "9"]
[EventCountry "MGL"]
[SourceTitle "playchess.com"]
[Source "ChessBase"]
[SourceQuality "1"]

{[%evp 9,150,-6,-2,-8,-4,-4,-11,1,35,-12,0,0,0,-3,-8,-63,-63,-53,-66,-79,-50,-50,-56,-39,-45,-43,-16,-37,0,-12,-7,-29,-10,-9,-10,-5,20,12,29,20,31,-7,0,-129,-23,-30,-7,-7,-7,-7,-7,-7,-7,-7,-7,-7,-7,-7,-7,-7,-7,-7,-7,-7,0,-7,0,-7,71,0,18,21,45,0,0,0,0,0,0,0,0,0,0,0,37,20,21,0,36,0,11,24,8,33,142,8,8,8,8,26,35,30,105,0,92,0,0,0,0,0,0,-7,0,0,0,0,0,0,0,0,0,0,0,0,0,0,0,0,0,0,0,0,0,0,0,0,0,-1690,-1381,-7095,-5922,-4618,-4618]} 1. e4 c5 2. Nf3 Nc6 3. Bb5 Nf6 4. d3 Qa5+ 5. Nc3 Nd4 6. Bc4 {B30: Sicilian: 2...Nc6 3 Bb5, lines without ...g6} b5 {[%cal Bb7b5,Bb5b4][%mdl 32]} 7. Bb3 $1 (7. Bd5 Rb8 8. O-O e6 9. Bf4 d6 10. Nxd4 cxd4 11. Bc6+ Nd7 12. Ne2 Qb6 13. Bxd7+ Bxd7 14. e5 Rc8 15. Re1 Be7 16. Qd2 O-O 17. Qb4 Rxc2 18. Qxd4 Rxe2 {0-1 (18) Motylev,A (2663)-Zhigalko,S (2671) Tallinn 2016}) 7... Nxb3 8. cxb3 {The position is equal.} d6 9. O-O e5 10. Bd2 b4 $146 11. Ne2 Qb5 12. Nc1 (12. Bg5 $11) 12... Be7 $15 13. a3 O-O 14. Qe1 {[%cal Ra3b4]} Bg4 15. axb4 Bxf3 16. gxf3 cxb4 17. Bxb4 Nh5 18. Bd2 Rfc8 {[%mdl 1024] Black has compensation.} 19. Qd1 h6 20. Ra5 Qb6 21. Ne2 Bg5 22. b4 Rc6 23. Bc3 Nf4 24. Nxf4 Bxf4 25. Kh1 Rac8 26. Ra3 {[#]} (26. h3 $11) 26... a6 (26... d5 $1 $17 {[%mdl 512]} 27. exd5 Rd6) 27. d4 $11 Qd8 28. Rg1 $1 Qh4 {[%csl Gf4][%cal Rh4h2]} 29. Rg2 Qh3 30. d5 Rb6 31. Qe2 Rcb8 32. Be1 g6 33. Qf1 Kh7 34. Qe2 h5 35. Bc3 Kg7 36. Qf1 Kh7 37. Qe2 Kg7 38. Qf1 {aiming for Rxg6+!} Qc8 (38... Kh8 $11 {keeps the balance.}) 39. Qd3 (39. Rg1 $16) 39... Rxb4 40. Qxa6 Qh3 41. Qf1 ({Much weaker is} 41. Qxd6 Rxb2 42. Bxe5+ Kh7 $17) 41... Kh7 42. Bxb4 Rxb4 43. Qe2 g5 44. Rc3 h4 45. Rd3 Ra4 46. Qd1 Rb4 47. b3 {Threatening Qc2.} Kh6 48. Qc2 Rb6 49. Rc3 (49. Qa2 $5 {[%cal Ra2a7]} Bxh2 50. Qa8 Bf4+ 51. Kg1 $16) 49... Ra6 50. Qb2 {Black must now prevent b4.} f6 51. b4 Ra4 $1 {[#]} 52. Rb3 ({White must play} 52. Kg1 $1 $16) 52... Bxh2 53. f4 Bg3+ $1 54. Kg1 gxf4 55. fxg3 hxg3 56. Qc1 (56. Qc3 $16) 56... Kg6 {[#]} (56... Kg7 $11) 57. b5 (57. Qf1 $1 $16 {And now Rgxg3+! would win.} Qh5 58. b5) 57... Ra8 $1 {[%cal Ra8h8]} 58. Qe1 Kf7 59. Rgxg3 fxg3 60. Rxg3 {[%mdl 4096] Endgame KQR-KQR} Qd7 61. Qe2 {Qh5+ would kill now.} Qa7+ 62. Kh2 {Threatening mate with Qh5+.} Qa2 63. Qg2 {Threatens to win with Rg7+.} Qxg2+ 64. Rxg2 {KR-KR} Ra4 65. Rb2 {Strongly threatening b6.} Rxe4 66. b6 Rh4+ 67. Kg3 Rh8 68. Rc2 Kg6 69. Rc6 Rd8 70. Kg4 f5+ 71. Kh4 {Hoping for b7.} f4 {...Kf5 is the strong threat.} 72. b7 {White threatens Rc8 and mate.} Rb8 73. Rxd6+ $2 {[%mdl 8192]} (73. Kg4 $11) 73... Kf5 $19 {( -> ...Rh8+). Black is clearly winning.} 74. Kh3 Rxb7 75. Kg2 Ke4 {Accuracy: White = 55%, Black = 62%.} 0-1

[Event "Asian Zonal 3.3 2019"]
[Site "Ulaanbaatar"]
[Date "2019.04.15"]
[Round "9.14"]
[White "Tran, Minh Thang"]
[Black "Bulgankhan, Ganzorig"]
[Result "1-0"]
[WhiteElo "2349"]
[BlackElo "1936"]
[Annotator "TA"]
[PlyCount "101"]
[EventDate "2019.04.07"]
[EventType "swiss"]
[EventRounds "9"]
[EventCountry "MGL"]
[SourceTitle "playchess.com"]
[Source "ChessBase"]
[SourceQuality "1"]

{[%evp 15,101,30,38,0,0,0,0,0,0,0,0,0,0,0,0,-19,0,0,0,-10,0,-235,0,-237,0,0,0,-546,-227,-235,37,36,314,314,331,339,326,318,385,372,379,330,318,355,357,67,64,64,78,66,73,74,395,394,409,412,410,408,389,289,281,286,270,294,275,279,292,285,266,258,262,259,242,241,255,245,253,250,248,251,255,226,370,366,6187,6187,29986,29987]} 1. Nf3 c5 2. c4 g6 3. g3 Bg7 4. Bg2 Nc6 5. O-O Nf6 6. Nc3 O-O 7. d4 cxd4 8. Nxd4 Qa5 9. h3 {A39: Symmetrical English vs ...g6: 4 Bg2 Bg7 5 Nf3 Nf6 6 0-0 0-0 7 d4} (9. e3 d6 10. h3 Bd7 11. Qe2 Rfc8 12. Rd1 a6 13. Bd2 Qd8 14. Rac1 Rab8 15. Nxc6 Bxc6 16. e4 Nd7 17. Bg5 h6 18. Be3 {½-½ (41) Ding,L (2778)-Bacrot,E (2718) Liaocheng 2018}) 9... Qc5 10. Ndb5 $146 ({Predecessor:} 10. Nxc6 dxc6 11. b3 Qh5 12. h4 Ng4 13. Qc2 h6 14. e3 Rd8 15. Ba3 Qa5 16. Bb2 Ne5 {0-1 (32) Sokolov,I (2093)-Barseghyan,A (2380) Moscow 2019}) 10... d6 11. Be3 {The position is equal.} Qh5 12. g4 Bxg4 $1 13. hxg4 Nxg4 {[%csl Gg4][%cal Rh5h2]} 14. Bf4 Be5 $40 {[%mdl 128] Black attacks.} 15. Qd2 g5 16. Bxe5 Ncxe5 {[%csl Gg4][%cal Rh5h2]} 17. Rfd1 (17. Rfc1 $5 {[%cal Rc3e4]}) 17... Nxc4 18. Qd4 $2 (18. Qe1 $1 $11) 18... Qh2+ $1 $19 19. Kf1 {[#]} Nce3+ $2 ({Better is} 19... Qh4 $1 $19 20. Nd5 (20. Ne4 $2 Nce3+ 21. Qxe3 Nxe3+ $19) 20... Nce3+ 21. Qxe3 Nxe3+ 22. Nxe3 g4) 20. fxe3 $11 Qg3 {[%csl Gg4][%cal Rg3f2]} 21. e4 $2 {[%mdl 8192]} (21. Kg1 $11 {and White stays safe.}) 21... f5 ({Weaker is} 21... Ne3+ 22. Qxe3 Qxe3 23. Nd5 $15) (21... e5 $142 22. Qg1 (22. Rd3 $2 Qf4+ 23. Rf3 Nh2+ {[%mdl 64] Double Attack} 24. Kf2 Qh4+ 25. Kg1 Nxf3+ 26. exf3 exd4 $19) 22... f5 23. exf5 Rxf5+ 24. Bf3 Nh2+ 25. Qxh2 Rxf3+ 26. exf3 Qxh2) 22. e5 $19 {Black must now prevent Rd3.} dxe5 $2 (22... Ne3+ $19 23. Qxe3 Qxe3 24. exd6 exd6) 23. Rd3 $14 Qh4 $2 {[%mdl 8192]} (23... Qxg2+ $1 $14 24. Kxg2 exd4 25. Nxd4 f4) 24. Qc5 $18 b6 25. Bd5+ Kh8 26. Qg1 Rad8 {and the idea ...f4 leaves Black hopeful.} 27. Qg3 Qh5 28. Bf3 Rxd3 29. exd3 Nh2+ 30. Kg2 $2 (30. Kf2 $18 Nxf3 31. Qxf3 Qh4+ 32. Ke2) 30... Nxf3 $14 31. Qxf3 g4 $1 {[%cal Rg4f3] [#]} 32. Qg3 $1 {[%cal Rg3e5]} f4 33. Qh2 Qg6 $2 {[%mdl 8192]} (33... Qf5 $16 {is tougher.}) 34. Ne4 $18 g3 35. Qh4 f3+ 36. Kf1 f2 {( -> ...g2+)} 37. Qxg3 {[%mdl 64] Double Attack} Qh5 38. Nxf2 Qh1+ 39. Qg1 Qh3+ 40. Ke2 Qf3+ 41. Kd2 Qf4+ 42. Kc2 {Threatens to win with Ne4.} Qa4+ 43. b3 Qxb5 44. Ne4 Rc8+ 45. Kd2 Qb4+ 46. Ke2 Rc2+ 47. Kd1 Rc8 48. Rc1 {[%cal Rc1c8]} Rg8 (48... Rxc1+ {was necessary.} 49. Kxc1 Qd4) 49. Qe3 Qa3 $2 (49... Qd4 50. Qxd4 exd4) 50. Ng5 Rf8 51. Qh3 {Accuracy: White = 57%, Black = 37%.} 1-0

[Event "Asian Zonal 3.3 2019"]
[Site "Ulaanbaatar"]
[Date "2019.04.15"]
[Round "9.15"]
[White "Lkhagvasuren, Tsedvee"]
[Black "Tenuunbold, Battulga"]
[Result "1-0"]
[WhiteElo "2336"]
[BlackElo "1692"]
[Annotator "TA"]
[PlyCount "119"]
[EventDate "2019.04.07"]
[EventType "swiss"]
[EventRounds "9"]
[EventCountry "MGL"]
[SourceTitle "playchess.com"]
[Source "ChessBase"]
[SourceQuality "1"]

{[%evp 14,119,0,0,27,19,16,0,142,145,152,144,147,162,124,129,176,194,193,204,196,183,176,177,195,188,210,204,232,225,242,212,219,219,217,216,207,210,229,195,194,181,184,198,281,257,304,296,303,287,309,303,319,291,346,358,373,373,351,367,347,343,473,473,630,632,600,583,794,792,751,719,1895,1900,1792,1795,1601,1345,2239,2081,1777,2088,1755,1781,5817,5813,2879,2721,7624,12785,29984,29985,29985,29986,29986,29987,29987,29988,29988,29987,29987,29988,29989,29990,29990,29991,29990,29991]} 1. c4 e5 2. Nc3 Nf6 3. Nf3 Nc6 4. g3 d5 5. cxd5 Nxd5 6. Bg2 Nb6 7. O-O Be7 8. a3 g5 {A29: English Opening: Four Knights Variation with 4 g3} (8... O-O 9. b4 Re8 10. Rb1 Bf8 11. d3 Bg4 12. h3 Bh5 13. Bg5 f6 14. Be3 Bf7 15. Nd2 Rb8 16. Nb3 Ne7 17. Bc5 Ned5 {1-0 (73) Ding,L (2816)-Yu,Y (2764) Shenzhen 2018}) 9. d4 exd4 10. Nb5 Bf6 {[#]} (10... O-O $11 {remains equal.}) 11. Bxg5 $1 $16 {[%mdl 512]} Bxg5 12. Nxg5 a6 13. Bxc6+ $1 bxc6 14. Qxd4 Qxd4 $146 ({Predecessor:} 14... f6 15. Nxc7+ Qxc7 16. Qxf6 Rf8 17. Ne6 Qf7 18. Qd8# {1-0 (18) Gountras,K (2092)-Keadana,A (1774) Golden Sands 2015}) 15. Nxd4 c5 16. Nb3 c4 17. Nc5 f6 18. Nge4 Ke7 19. Rfd1 Bf5 20. Nc3 c6 21. f3 Rhd8 22. e4 Be6 23. Kf2 Nd7 24. Nxd7 Bxd7 25. Rd2 Rdb8 26. Ne2 Rb6 27. Rc1 Rab8 28. Rcc2 c5 (28... f5 {was worth a try.} 29. e5 (29. Rxc4 Rxb2 30. Rd3 R8b5 $16) 29... Rb5) 29. Nc3 {Threatens to win with Nd5+.} ({Not} 29. Rxc4 Rxb2 30. Rcc2 Rxc2 $16) 29... Bc6 30. g4 Ke6 31. Ke3 Rb3 32. Kf4 h5 33. h3 h4 34. Nd1 Rd3 35. Rxd3 cxd3 36. Rxc5 $18 {[%mdl 4096] Endgame KRB-KRN} Ba4 37. Nc3 Bb3 38. Ke3 Bc2 39. b4 Rd8 40. Nd5 Rd6 41. Rc7 {[%csl Gd5][%cal Rc7e7]} Rd8 42. Rc6+ Rd6 43. Rxd6+ {[%mdl 64] [#] Overworked Piece} Kxd6 44. Nxf6 {KB-KN} Bd1 45. f4 Be2 46. e5+ Ke6 47. Ne4 Bf1 48. Nf2 Kf7 49. f5 Kg7 50. a4 {[%cal Ba3a4,Ba4b5,Bb5b6][%mdl 32]} Kf7 51. b5 axb5 52. axb5 {White mates.} d2 53. b6 Bg2 54. Kxd2 Ke7 55. Ke3 Kd7 56. Kf4 Kc6 57. g5 Kxb6 58. g6 Bd5 59. e6 Kc6 60. g7 {Accuracy: White = 98%, Black = 21%.} 1-0